Puntung api di pohon nyureh : antologi skrip drama radio

Bibliographic Details
Main Author: Mohd Zaman Tahir, Drs Ungku
Format: Book
Published: Kelantan : Al-Kafilah Enterprise , 1997
Subjects:

MARC

LEADER 00000cam a2200000 7i4500
001 0000063952
005 20160615.0
008 160615
020 |a 9789839171 
090 0 0 |a MOH   |b MAL 
100 0 |a Mohd Zaman Tahir, Drs Ungku 
245 1 0 |a Puntung api di pohon nyureh :   |b antologi skrip drama radio   |c Drs Ungku Mohd Zaman Tahir 
260 |a Kelantan :   |b Al-Kafilah Enterprise ,   |c 1997 
300 |a 174p. 
650 0 |a Malay fictions 
999 |a 000721005   |b Book   |c Adult Collection   |e Cawangan Muar